01171nam a2200313 a 4500001001000000003000900010005001700019007000300036008004100039020001800080040003000098041000800128082002400136100004300160245009700203264004700300300002700347336002700374337003300401338002800434490002900462590002600491650002900517650003100546910000700577942001400584952024200598999001700840000039188DO-SdBNP20250115073228.0ta250115s2008 pr 000 j spa d a9780982071502 aDO-SdBNPbspacBNPHUerda hspa aRD863.44bG216s2221 aGarcía Cuevas, Eugenioeautor91081310aSujetos y predicados :bel hijo de la mujer y diez cuentos más /cEugenio García Cuevas. aSan Juan, Puerto Rico :bIsla Negra,c2008 a89 páginas ;c22 cm. ardacontentbtexto2txt ardamediabsin mediación2n ardacarrierbvolumen2nc aEl rostro y la máscara aInventariado, 2025/DG 0aCuentos dominicanos9176 0aLiteratura dominicana.967 aDG 2ddccLBS1 00102ddc51708PDaBNPHUbBNPHUcCTd2025-01-15eDonado por la Presidencia de la República Dominicana 2023l0oBNPHU PD RD863.44 G216sp2025-0135r2025-01-15w2025-01-15yLBS1zPertenecio a la biblioteca de René Rodríguez Soriano c58056d58056